Estadísticas para Países por una sola Pista #7

Haz click aquí para tomar la prueba!

Estadísticas generales

  • Esta prueba ha sido tomada 2.325 veces
  • La puntuación promedio es 10 de 20

Estadísticas de respuestas

PistaPaís% Correcto
Donde comenzó el RenacimientoItalia
97%
Sus ciudades principales incluyen Marrakech, Tánger y AgadirMarruecos
84%
País con una sola frontera en el Medio OrienteCatar
68%
Más pequeño de los países BeneluxLuxemburgo
66%
Hogar de las ruinas mayas de TikalGuatemala
60%
Su compañia nacional de petróleo se estima en ser valido
entre 1 a 10 millones de millones de dólares
Arabia Saudita
58%
Reestableció relaciones diplomáticas con EE. UU. en el 2015Cuba
57%
País centroamericano que aboliô su ejército en el 1949Costa Rica
51%
La república de la Yugoslavia antigua más septentrionalEslovenia
51%
Su capital es AcraGhana
51%
Isla que fue controlado por los cartaginenses, los romanos, los bizantinos, los moros,
los normandas, los españoles, los Caballeros Hospitalarios, los franceses, y los británicos
Malta
51%
Donde el río Danubio se conecta con el mar NegroRumania
51%
Tiene aproximadamente la misma cantidad de caballos que personasMongolia
49%
Limita 6 países, incluyendo Nigeria, Rep.del Congo y ChadCamerún
38%
Este país del hemisferio occidental tiene la tasa de asesinato más alto del mundoHonduras
31%
País más grande en MelanesiaPapua Nueva Guinea
31%
Los británicos ayudaron crear este país con la Declaración BalfourIsrael
30%
Su ciudad más grande se conoce como RangúnMyanmar
30%
Pensado en ser el lugar de origen del caféEtiopía
29%
El primer país en hacer el cristianismo en la religión oficial (301 DC)Armenia
18%

Distribución de puntuación

Porcentaje por número respondido

Porcentaje de gente con cada puntuación

Historial de tus puntuaciones

No has tomado esta prueba